Moliére - III.

Bibliographic Details
Main Author: Mittelmann-Dedinský, Móric, 1914-1989 (Author)
Format: Article
Language:Slovak
Subjects:

MARC

LEADER 00000nab a2200000 a 4500
001 vtls000171745
003 SK-MaSNL
005 20260305014640.0
008 250423c1983 xo 0 slo
015 |a SNBRB19rr/mm-uuuuu 
035 |a CL0181856 
035 |a urn:nbn:sk:snk-abdm3x 
035 |a (urnnbn)urn:nbn:sk:snk:ar-000suk 
035 |a (uuid)f41799e3-a166-4303-aff2-49e0cfbdb1f2 
040 |a SNKBUCL  |b slo  |c SNKBUCL  |e AACR2 
041 0 |a slo 
044 |a xo  |c SK 
080 |a 82:929:840  |2 1981 
080 |a 840:929  |2 1981 
080 |a 929 Moliére  |2 1981 
100 1 |a Mittelmann-Dedinský, Móric,  |d 1914-1989  |4 aut  |9 104877 
245 1 0 |a Moliére - III.  |c M.M. Dedinský 
500 |a V rubrike Veľkí dramatici sveta 
500 |a Pokračovanie 
600 0 7 |a Molière,  |d 1622-1673  |2 snkbucl  |9 118242 
655 7 |a profily  |2 snkbucl  |9 341977 
655 7 |a články z novín a časopisov  |2 snkbucl  |9 267496 
655 7 |a články z odboru literárna veda a krásna literatúra  |2 snkbucl  |9 770045 
773 0 |t Javisko  |g Roč. 15, č.10 (1983), s. 498-499 
850 |a Slovenská národná knižnica 
852 |a Slovenská národná knižnica 
954 |a odborná, vedecká literatúra pôvodná (slovenská)  |2 lita 
958 |a article19 
958 |a OND 
958 |a RK 
958 |a LX 
958 |a EUIPO 
992 |a RBX 
999 |c 3270685  |d 3272615